THE C' ODYSSEY (Record no. 22941)
[ view plain ]
| 000 -LEADER | |
|---|---|
| fixed length control field | 00219nam a2200097Ia 4500 |
| 008 - FIXED-LENGTH DATA ELEMENTS--GENERAL INFORMATION | |
| fixed length control field | 170619s9999 xx 000 0 und d |
| 100 ## - MAIN ENTRY--PERSONAL NAME | |
| Personal name | MUKHI- VIJAY |
| 245 #4 - TITLE STATEMENT | |
| Title | THE C' ODYSSEY |
| 260 ## - PUBLICATION, DISTRIBUTION, ETC. | |
| Name of publisher, distributor, etc. | PEARSON EDU. DELHI |
| 260 ## - PUBLICATION, DISTRIBUTION, ETC. | |
| Date of publication, distribution, etc. | 2003 |
| 546 ## - LANGUAGE NOTE | |
| Language note | ENGLISH |
| Withdrawn status | Lost status | Source of classification or shelving scheme | Damaged status | Not for loan | Home library | Current library | Date acquired | Source of acquisition | Cost, normal purchase price | Total Checkouts | Barcode | Date last seen | Price effective from | Koha item type |
|---|---|---|---|---|---|---|---|---|---|---|---|---|---|---|
| IIMT Engineering College-MCA | IIMT Engineering College-MCA | 06/23/2017 | 33 | 270.00 | 14-B-406 | 06/23/2017 | 06/23/2017 | Text-Book- for 7 days | ||||||
| IIMT Engineering College-MCA | IIMT Engineering College-MCA | 06/23/2017 | 33 | 270.00 | 14-B-407 | 06/23/2017 | 06/23/2017 | Text-Book- for 7 days | ||||||
| IIMT Engineering College-MCA | IIMT Engineering College-MCA | 06/23/2017 | 33 | 270.00 | 14-B-408 | 06/23/2017 | 06/23/2017 | Text-Book- for 7 days | ||||||
| IIMT Engineering College-MCA | IIMT Engineering College-MCA | 06/23/2017 | 33 | 270.00 | 14-B-409 | 06/23/2017 | 06/23/2017 | Text-Book- for 7 days | ||||||
| IIMT Engineering College-MCA | IIMT Engineering College-MCA | 06/23/2017 | 33 | 270.00 | 14-B-410 | 06/23/2017 | 06/23/2017 | Text-Book- for 7 days |

